000 01057nam a22001697a 4500
003 SISC
005 20160616100502.0
008 160616b xxu||||| |||| 00| 0 eng d
020 _a9789814593205
245 _aSecondary Two Normal Technical Mathematics Model Examination Papers /
_cKelvin Tay
250 _a2nd ed.
260 _aSingapore :
_bEducational Publishing House,
_c2014
300 _a48 p. :
_bill. ;
_c26 cm.
520 _aSecondary 2 Normal (Technical) Mathematics Model Examination Papers is written in accordance with the latest MOE Secondary Mathematics Syllabus. This book contains 8 sets of examination papers to help students in preparing for their examinations. Questions in this book are specially crafted to test students' knowledge and their ability to apply mathematical concepts in answering the questions. This book aims to help students in mastering problem solving skills and boost their confidence in tackling questions in their school examinations.
650 _aMathematics--Examinations--Periodicals
942 _2lcc
_cBK
999 _c295946
_d295946